000 00340nam a2200157Ia 4500
100 _aTomasi/Wayne
250 _a6
942 _cBK
654 _acommunication
245 _aAdvanced electronic communication system
260 _bPearson Education
_c2004
082 _a621.382
_bTOM
300 _a654
546 _aENGLISH
999 _c32658
_d32658